000 00644nam a2200265Ia 4500
005 20260121172053.0
008 008 260114s9999 xx 000 0 eng d
020 _a9783030574963
037 _aEBOOK
040 _aCRL
040 _beng
040 _cCRL
041 _2eng
041 _aeng
084 _qCRL
100 _aOthmane Kettani, Adil Reghai
_91083910
245 0 _aFinancial Models in Production
260 _bSpringer
260 _bSpringer
260 _c2020
856 _uhttps://link.springer.com/openurl?genre=book&isbn=978-3-030-57496-3
942 _cEBOOK
999 _c1649644
_d1649644